00538nam a22001577a 450000500170000001000150001702000260003203500130005803700130007108200180008424501150010226000310021727000860024830000250033470000210035920150728142619.0 aENG-113180 c995.00a9788180388248 aEN-96712 bDBAD/PUB a344.540102638 aLLJ's labour law journal digest 2011-2012 :cedited by R. Venkataraman...[et al]bwith equivalent citations /  bLexisNexisc2012aGurgaon  bGurgaon e122002a14th Floor, Building NO.10, Tower-B, DLF Cyber City, Phase-II,  alxxx,864p.c25cm(Hb) aVenkataraman, R.